| 000 | 00669cam a22002293a 4500 | ||
|---|---|---|---|
| 001 | 31903 | ||
| 003 | PGUSA | ||
| 005 | 20140828083706.0 | ||
| 008 | 100406s2010||||xxu|||||s|||||000 | eng d | ||
| 040 |
_aPGUSA _beng |
||
| 042 | _adc | ||
| 050 | 4 | _aHX | |
| 100 | 1 |
_aZenker, E. V. _q(Ernst Viktor), _d1865-1940 |
|
| 245 | 1 | 0 |
_aAnarchism : _bA Criticism and History of the Anarchist Theory _h[electronic resource] / _cE. V. Zenker |
| 260 |
_bProject Gutenberg, _c2010 |
||
| 506 | _aPublic domain in the USA. | ||
| 516 | _aElectronic text | ||
| 653 | _aAnarchism | ||
| 830 | 0 |
_aProject Gutenberg _v31903 |
|
| 856 | 4 | 0 | _uhttp://www.gutenberg.org/ebooks/31903 |
| 942 | _cEB | ||
| 999 |
_c261158 _d261158 |
||